|
|
|
|
| LEADER |
01313nam a2200349 i 4500 |
| 001 |
33850 |
| 003 |
BD-DhAAL |
| 005 |
20230525141256.0 |
| 008 |
181017t2018 enk b 001 0 eng |
| 010 |
|
|
|a 2017008634
|
| 020 |
|
|
|a 9780745679396 (hardback)
|
| 020 |
|
|
|a 9780745679402 (pbk.)
|
| 040 |
|
|
|a DLC
|b eng
|c DLC
|e rda
|d DLC
|d BD-DhAAL
|
| 041 |
1 |
|
|a eng
|
| 042 |
|
|
|a pcc
|
| 050 |
0 |
0 |
|a B3199.A33
|b A7813 2018
|
| 082 |
0 |
0 |
|a 111.85
|2 23
|
| 100 |
1 |
|
|a Adorno, Theodor W.,
|d 1903-1969,
|e author.
|9 28423
|
| 240 |
1 |
0 |
|a Ästhetik (1958/59).
|l English
|
| 245 |
1 |
0 |
|a Aesthetics :
|b 1958/59 /
|c Theodor W. Adorno ; edited by Eberhard Ortland ; translated by Wieland Hoban.
|
| 260 |
|
|
|a Cambridge, UK ;
|a Medford, MA :
|b Polity,
|c 2018
|
| 300 |
|
|
|a xii, 350 pages ;
|c 23 cm.
|
| 504 |
|
|
|a Includes bibliographical references (pages- 264-337) and index.
|
| 526 |
|
|
|a ENH
|
| 541 |
|
|
|a Karim International
|e 33850
|
| 650 |
|
0 |
|a Aesthetics.
|9 28424
|
| 700 |
|
|
|a Ortland, Eberhard
|9 28425
|
| 700 |
|
|
|a Hoban, Wieland
|9 28426
|
| 852 |
|
|
|a Ayesha Abed Library
|c General Stacks
|
| 942 |
|
|
|2 ddc
|c BK
|
| 999 |
|
|
|c 40050
|d 40050
|
| 952 |
|
|
|0 0
|1 0
|2 ddc
|4 0
|6 111_850000000000000_ADO
|7 0
|9 64455
|a BRACUL
|b BRACUL
|c GEN
|d 2018-10-15
|e Karim International
|g 2363.00
|l 2
|m 37
|o 111.85 ADO
|p 3010033850
|r 2025-05-22
|s 2024-06-11
|t 1
|v 2363.00
|w 2018-10-15
|y BK
|